Quarterly Economic and Budgetary Review (Record no. 563)
[ view plain ]
| 000 -LEADER | |
|---|---|
| fixed length control field | 00430nam a22001217a 4500 |
| 008 - FIXED-LENGTH DATA ELEMENTS--GENERAL INFORMATION | |
| fixed length control field | 230606b xxu||||| |||| 00| 0 eng d |
| 082 ## - DEWEY DECIMAL CLASSIFICATION NUMBER | |
| Classification number | 338.9 |
| Item number | KEN |
| 245 ## - TITLE STATEMENT | |
| Title | Quarterly Economic and Budgetary Review |
| Statement of responsibility, etc. | Office of the Deputy Prime Minister and Ministry of Finance |
| 250 ## - EDITION STATEMENT | |
| Edition statement | 2nd Quarter |
| Remainder of edition statement | 2009/2010 |
| 260 ## - PUBLICATION, DISTRIBUTION, ETC. (IMPRINT) | |
| Place of publication, distribution, etc. | Kenya |
| Name of publisher, distributor, etc. | Office of the Deputy Prime Minister and Ministry of Finance |
| Date of publication, distribution, etc. | February 2010 |
| 300 ## - PHYSICAL DESCRIPTION | |
| Extent | 34 p |
| 942 ## - ADDED ENTRY ELEMENTS (KOHA) | |
| Source of classification or shelving scheme | Dewey Decimal Classification |
| Koha item type | Books |
| Withdrawn status | Lost status | Source of classification or shelving scheme | Damaged status | Not for loan | Home library | Current library | Date acquired | Total Checkouts | Full call number | Barcode | Date last seen | Price effective from | Koha item type | Copy number |
|---|---|---|---|---|---|---|---|---|---|---|---|---|---|---|
| Dewey Decimal Classification | Bunge Tower Library | Bunge Tower Library | 06/06/2023 | 338.9 KEN | 10015378 | 06/06/2023 | 06/06/2023 | Books | ||||||
| Dewey Decimal Classification | Bunge Tower Library | Bunge Tower Library | 06/06/2023 | 338.9 KEN | 10015377 | 06/06/2023 | 06/06/2023 | Books | ||||||
| Dewey Decimal Classification | Bunge Tower Library | Bunge Tower Library | 06/06/2023 | 338.9 KEN | 10015026 | 06/06/2023 | 06/06/2023 | Books | Third Quarter 2007/2008, May 200 |
